| 000 | 00542nam a2200205 a 4500 | ||
|---|---|---|---|
| 001 | 74660 | ||
| 003 | BD-RjUL | ||
| 005 | 20211209082602.0 | ||
| 008 | 181114s1953 u a|||| |||| 00| 0 eng d | ||
| 035 | _a(BD-RjUL)74878 | ||
| 040 |
_aBD-RjUL _cBD-RjUL _beng _dBD-RjUL |
||
| 041 | _aeng | ||
| 100 | 1 |
_aDaniels, J.S. _9224894 |
|
| 245 | 1 | 0 |
_aHeat and sound / _cJ.S. Daniel |
| 260 |
_aLondon : _bUniversity, _c1953 |
||
| 300 |
_a40 p. : _bill. ; _c19 cm |
||
| 490 |
_aAttainment Test in Sound ; _v4 |
||
| 650 |
_aSound _9224895 |
||
| 942 |
_2ddc _cBK |
||
| 999 |
_c74660 _d74660 |
||